Linux kernel programming : algorithms and structures of version 2.4 (Record no. 9428)

000 -LEADER
fixed length control field 00883 a2200205 4500
020 ## - INTERNATIONAL STANDARD BOOK NUMBER
International Standard Book Number 0201719754 (pbk. : alk. paper)
035 ## - SYSTEM CONTROL NUMBER
System control number (OCoLC)ocm48649882
040 ## - CATALOGING SOURCE
Original cataloging agency DLC
Language of cataloging DLC
082 00 - DEWEY DECIMAL CLASSIFICATION NUMBER
Classification number 005.4/469
245 10 - TITLE STATEMENT
Title Linux kernel programming : algorithms and structures of version 2.4
Remainder of title algorithms and structures of version 2.4
Statement of responsibility, etc. Michael Beck
250 ## - EDITION STATEMENT
Edition statement Updated and extended 3rd ed.
260 ## - PUBLICATION, DISTRIBUTION, ETC.
Place of publication, distribution, etc. London ;
-- Boston :
Name of publisher, distributor, etc. Addison-Wesley,
Date of publication, distribution, etc. 2002.
300 ## - PHYSICAL DESCRIPTION
Extent xiv, 471 p. :
Other physical details ill. ;
Dimensions 24 cm. +
Accompanying material 1 CD-ROM (4 3/4 in.)
500 ## - GENERAL NOTE
General note Translation of: Linux-Kernel-Programmierung.
500 ## - GENERAL NOTE
General note "CD-ROM contains the Linux kernel version 2.4.4, plus sources from other programs and documents from the Linux Documentation Project"--P. [4] of cover.
650 #0 - SUBJECT ADDED ENTRY--TOPICAL TERM
Topical term or geographic name entry element Operating systems (Computers)
650 #0 - SUBJECT ADDED ENTRY--TOPICAL TERM
Topical term or geographic name entry element Application software.
700 1# - ADDED ENTRY--PERSONAL NAME
Personal name Beck, Michael.
942 ## - ADDED ENTRY ELEMENTS (KOHA)
Koha item type Book
Call number prefix 005.4469 BEC
Source of classification or shelving scheme
Holdings
Withdrawn status Lost status Damaged status Not for loan Collection code Permanent Location Current Location Shelving location Date acquired Source of acquisition Cost, normal purchase price Total Checkouts Full call number Barcode Date last seen Price effective from Koha item type
          Central Library (CL) Central Library (CL) First Floor - Operating System/ Data Structure 10/17/2006 Progressive International Agencies 3743.66   005.4469 BEC SEECS007648 11/14/2012 01/05/2017 Book
© 2023 Central Library, National University of Sciences and Technology. All Rights Reserved.